[Event "Enniscrone Sligo Winter op"]
[Site "Enniscrone"]
[Date "2024.02.04"]
[Round "?"]
[White "Quinn, Rory"]
[Black "Tetenkina, Irina"]
[Result "0-1"]
[WhiteElo "2080"]
[BlackElo "2140"]
[PlyCount "74"]
[EventDate "2024.02.02"]
[EventType "swiss"]
[EventRounds "5"]
[EventCountry "IRL"]
[SourceTitle "CB07_2024"]
[SourceDate "2024.02.14"]
[SourceVersion "1"]
[SourceVersionDate "2024.02.14"]
[SourceQuality "1"]

1. e4 g6 2. d4 d6 3. Nf3 Bg7 4. Nc3 Nf6 5. Bc4 0-0 6. 0-0 e6 7. e5 dxe5 8. dxe5 Qxd1 9. Rxd1 Nfd7 10. Bf4 Nc6 11. Re1 a6 12. a4 Nb6 13. Bb3 Na5 14. Rad1 Nxb3 15. cxb3 c6 16. Be3 Nd5 17. Bc5 Re8 18. Ne4 b6 19. Ba3 a5 20. Nd6 Rd8 21. Nd4 Bd7 22. Rd3 c5 23. N4b5 Bc6 24. g3 g5 25. Kf1 Bf8 26. Red1 Be7 27. f4 gxf4 28. gxf4 Nxf4 29. Rg3+ Kf8 30. Rg4 Ng6 31. Re1 Nxe5 32. Rxe5 Bxd6 33. Nxd6 Rxd6 34. Rh4 Ke7 35. Rxh7 Rg8 36. h4 Rg2 37. Ke1 Bf3 0-1

[Event "Enniscrone Sligo Winter op"]
[Site "Enniscrone"]
[Date "2024.02.04"]
[Round "?"]
[White "Tetenkina, Irina"]
[Black "O'Cuilleanain, Oisin"]
[Result "1-0"]
[WhiteElo "2140"]
[BlackElo "2101"]
[PlyCount "81"]
[EventDate "2024.02.02"]
[EventType "swiss"]
[EventRounds "5"]
[EventCountry "IRL"]
[SourceTitle "CB07_2024"]
[SourceDate "2024.02.14"]
[SourceVersion "1"]
[SourceVersionDate "2024.02.14"]
[SourceQuality "1"]

1. Nf3 Nf6 2. g3 g6 3. b3 Bg7 4. Bb2 0-0 5. Bg2 d6 6. d4 c6 7. 0-0 Nbd7 8. c4 Qc7 9. Nc3 Re8 10. Qd2 e5 11. Rac1 Qa5 12. a3 e4 13. Nxe4 Qxd2 14. Nfxd2 Nxe4 15. Bxe4 Bh6 16. e3 Nf6 17. Bg2 Ng4 18. Rfe1 Bf5 19. Nf1 Bg7 20. h3 Nf6 21. Nd2 Rac8 22. d5 cxd5 23. cxd5 Bd3 24. Bd4 Nd7 25. Bxg7 Kxg7 26. Nc4 Bxc4 27. Rxc4 Rxc4 28. bxc4 Rc8 29. Rb1 Nb6 30. Bf1 Kf6 31. Rb4 Ke7 32. Kg2 Rc5 33. Kf3 Kd7 34. Ke4 Kc7 35. Rb5 Nd7 36. Rxc5+ Nxc5+ 37. Kd4 Kb6 38. Bd3 Nb3+ 39. Kc3 Na5 40. Kb4 h6 41. f4 1-0

[Event "Enniscrone Sligo Winter op"]
[Site "Enniscrone"]
[Date "2024.02.03"]
[Round "?"]
[White "Tetenkina, Irina"]
[Black "Quinn, Rory"]
[Result "1/2-1/2"]
[WhiteElo "2140"]
[BlackElo "2080"]
[PlyCount "56"]
[EventDate "2024.02.02"]
[EventType "swiss"]
[EventRounds "5"]
[EventCountry "IRL"]
[SourceTitle "CB07_2024"]
[SourceDate "2024.02.14"]
[SourceVersion "1"]
[SourceVersionDate "2024.02.14"]
[SourceQuality "1"]

1. Nf3 d5 2. g3 Nf6 3. Bg2 b5 4. d4 e6 5. 0-0 Nbd7 6. b3 Bb7 7. c4 dxc4 8. bxc4 bxc4 9. Qa4 Bd6 10. Nc3 0-0 11. Qxc4 Nb6 12. Qd3 c5 13. Bg5 cxd4 14. Qxd4 Be7 15. Rfd1 h6 16. Qxd8 Rfxd8 17. Be3 Nfd5 18. Nxd5 Bxd5 19. Nd4 Bxg2 20. Kxg2 Bf6 21. Nc6 Rdc8 22. Rac1 Nd5 23. Bd4 Bxd4 24. Rxd4 Kf8 25. Rdc4 Rc7 26. Ne5 Rac8 27. Rxc7 Rxc7 28. Rxc7 Nxc7 1/2-1/2

[Event "Norrkoeping Easter op"]
[Site "Norrkoeping"]
[Date "2023.04.10"]
[Round "8"]
[White "Soderstrom, Adrian"]
[Black "Tetenkina, Irina"]
[Result "1-0"]
[WhiteElo "2339"]
[BlackElo "2219"]
[PlyCount "69"]
[EventDate "2023.04.07"]
[EventType "swiss"]
[EventRounds "8"]
[EventCountry "SWE"]
[SourceTitle "CBM 213 Extra"]
[Source "ChessBase"]
[SourceDate "2023.05.31"]
[SourceVersion "1"]
[SourceVersionDate "2023.05.31"]
[SourceQuality "1"]

1. d4 d5 2. c4 e6 3. Nf3 Nf6 4. Nc3 Nbd7 5. Bf4 c6 6. e3 Be7 7. c5 Ne4 8. Qc2 f5 9. Be2 0-0 10. h3 b6 11. cxb6 axb6 12. 0-0 Ba6 13. a3 Bxe2 14. Nxe2 c5 15. Bh2 g5 16. Nc3 Ndf6 17. Ne5 cxd4 18. exd4 Rc8 19. Qd3 Nxc3 20. bxc3 Ne4 21. Rfc1 b5 22. Qxb5 Rxc3 23. Nc6 Qd7 24. Nxe7+ Qxe7 25. Rxc3 Nxc3 26. Qb2 Rc8 27. Be5 Rc4 28. Qb8+ Kf7 29. Qh8 Kg6 30. Qg8+ Kh6 31. Re1 Rc6 32. h4 gxh4 33. Bf4+ Kh5 34. g4+ hxg3 35. Kg2 1-0

[Event "EU-ch Cities&Town (Women) op"]
[Site "Tornelo INT"]
[Date "2023.01.29"]
[Round "?"]
[White "Tetenkina, Irina"]
[Black "Tsouba, Maria"]
[Result "1-0"]
[WhiteElo "2213"]
[BlackElo "1672"]
[PlyCount "105"]
[EventDate "2023.01.29"]
[EventType "team-swiss"]
[EventRounds "9"]
[EventCountry "NET"]
[SourceTitle "CBM 212 Extra"]
[Source "ChessBase"]
[SourceDate "2023.03.31"]
[SourceVersion "1"]
[SourceVersionDate "2023.03.31"]
[SourceQuality "1"]
[WhiteTeam "Stockholm"]
[BlackTeam "Athens Kallithea"]
[WhiteTeamCountry "SWE"]
[BlackTeamCountry "GRE"]

1. Nf3 Nf6 2. g3 d5 3. c4 c6 4. b3 Bf5 5. Bb2 e6 6. Bg2 Nbd7 7. 0-0 Be7 8. d3 0-0 9. Nbd2 Qc7 10. Re1 Rac8 11. e4 dxe4 12. dxe4 Bg6 13. e5 Ng4 14. h3 Nh6 15. Ne4 Bxe4 16. Rxe4 Rfd8 17. Qe1 Nf8 18. Rd1 Qb6 19. Bd4 Bc5 20. g4 Ng6 21. Bxc5 Qxc5 22. Red4 Qb6 23. R1d2 Qc7 24. Qd1 Rxd4 25. Rxd4 f6 26. Rd7 Qb6 27. exf6 gxf6 28. Qd2 Nf7 29. b4 c5 30. b5 a6 31. g5 axb5 32. gxf6 bxc4 33. Ng5 Rf8 34. Nxf7 Rxf7 35. Rd8+ Rf8 36. Rd6 Qb1+ 37. Kh2 Qf5 38. Bxb7 Qe5+ 39. f4 Qxf4+ 40. Qxf4 Nxf4 41. Kg3 Ne2+ 42. Kf2 Nd4 43. a4 Rxf6+ 44. Ke1 Nc2+ 45. Kd2 Nd4 46. a5 Nb3+ 47. Kc3 Nxa5 48. Rd8+ Kf7 49. Rd7+ Kg6 50. Be4+ Kh6 51. Rxh7+ Kg5 52. h4+ Kf4 53. Bc2 1-0

[Event "EU-ch Cities&Town (Women) op"]
[Site "Tornelo INT"]
[Date "2023.01.29"]
[Round "?"]
[White "Urh, Zala"]
[Black "Tetenkina, Irina"]
[Result "1-0"]
[WhiteElo "2282"]
[BlackElo "2213"]
[PlyCount "33"]
[EventDate "2023.01.29"]
[EventType "team-swiss"]
[EventRounds "9"]
[EventCountry "NET"]
[SourceTitle "CBM 212 Extra"]
[Source "ChessBase"]
[SourceDate "2023.03.31"]
[SourceVersion "1"]
[SourceVersionDate "2023.03.31"]
[SourceQuality "1"]
[WhiteTeam "Ljubljana (W)"]
[BlackTeam "Stockholm"]
[WhiteTeamCountry "SLO"]
[BlackTeamCountry "SWE"]

1. d4 d5 2. Nf3 Nf6 3. Bf4 e6 4. e3 Be7 5. Nbd2 c5 6. c3 Nc6 7. Bd3 0-0 8. h4 Bd7 9. h5 Re8 10. h6 g6 11. Ne5 Na5 12. Qf3 Qb6 13. Bg5 Qd8 14. Bxf6 Bxf6 15. Nxd7 Qxd7 16. Qxf6 cxd4 17. Qg7# 1-0

[Event "Stockholm Cramling op"]
[Site "Stockholm"]
[Date "2018.09.02"]
[Round "7"]
[White "Tetenkina, Irina"]
[Black "Berg, Susanne"]
[Result "1-0"]
[WhiteElo "2214"]
[BlackElo "1903"]
[PlyCount "111"]
[EventDate "2018.09.01"]
[EventType "swiss"]
[EventRounds "7"]
[EventCountry "SWE"]
[SourceTitle "CBM 186 Extra"]
[Source "ChessBase"]
[SourceDate "2018.08.24"]
[SourceVersion "1"]
[SourceVersionDate "2018.08.24"]
[SourceQuality "1"]

1. Nf3 d5 2. g3 Nf6 3. Bg2 c5 4. c4 e6 5. 0-0 Be7 6. cxd5 exd5 7. d4 0-0 8. Nc3 Nc6 9. dxc5 Bxc5 10. Bg5 Be6 11. Rc1 Be7 12. Nd4 h6 13. Be3 Ne5 14. Nxe6 fxe6 15. Bd4 Nc6 16. Na4 e5 17. Bc5 e4 18. Qb3 Bxc5 19. Nxc5 Qe7 20. Nxe4 Kh8 21. Nxf6 Qxf6 22. e3 Ne7 23. Rc7 b6 24. Qa3 Ng6 25. Qc3 Ne5 26. Bxd5 Rad8 27. Be4 a5 28. f4 Ng4 29. Qxf6 Nxf6 30. Bf3 Rfe8 31. Rc3 Nd5 32. Bxd5 Rxd5 33. Kg2 b5 34. Kf3 b4 35. Rc7 Rd3 36. Re1 a4 37. Rc4 Rb8 38. Rec1 Kh7 39. Ke2 Rd6 40. Rd1 Rdb6 41. Rd7 b3 42. a3 Ra8 43. Rcc7 Rg6 44. Kd3 h5 45. Ke2 Ra5 46. e4 h4 47. Kf3 hxg3 48. hxg3 Rh5 49. f5 Rgg5 50. Kf4 Kh6 51. Rc6+ g6 52. Rd8 Kg7 53. g4 Rh7 54. Rd7+ Kh6 55. Rxh7+ Kxh7 56. Kxg5 1-0

[Event "Stockholm Cramling op"]
[Site "Stockholm"]
[Date "2018.09.02"]
[Round "5"]
[White "Tetenkina, Irina"]
[Black "Nilsson, Kajsa"]
[Result "1-0"]
[WhiteElo "2214"]
[BlackElo "1704"]
[PlyCount "100"]
[EventDate "2018.09.01"]
[EventType "swiss"]
[EventRounds "7"]
[EventCountry "SWE"]
[SourceTitle "CBM 186 Extra"]
[Source "ChessBase"]
[SourceDate "2018.08.24"]
[SourceVersion "1"]
[SourceVersionDate "2018.08.24"]
[SourceQuality "1"]

1. Nf3 d5 2. g3 Nf6 3. Bg2 e6 4. 0-0 c5 5. d4 Nc6 6. c3 b6 7. Nbd2 Bb7 8. dxc5 Bxc5 9. Nb3 Bd6 10. Nbd4 Nxd4 11. Nxd4 Rc8 12. Bg5 0-0 13. Qa4 Bb8 14. Rad1 h6 15. Be3 Qe7 16. Qc2 Rfd8 17. f3 Ne8 18. Bf2 Nd6 19. e4 dxe4 20. fxe4 Nc4 21. Qe2 Ne5 22. Qh5 Ba6 23. Rfe1 Ng6 24. e5 Qc7 25. Nxe6 Qe7 26. Nxd8 Rxd8 27. Rxd8+ Qxd8 28. e6 Bc4 29. exf7+ Bxf7 30. Qe2 Bd6 31. Bd4 Qc7 32. Qc2 Ne7 33. Be4 Nd5 34. Qg2 Nf6 35. Bb1 Bc5 36. Qf2 Bxd4 37. Qxd4 Nd5 38. Qe4 Qc5+ 39. Qd4 Qxd4+ 40. cxd4 Nb4 41. Re7 Nc6 42. Rc7 Nxd4 43. Rxa7 Bc4 44. Kf2 Ne6 45. b3 Bd5 46. Rd7 Ba8 47. Rd6 Kf7 48. Rxb6 Nc5 49. Ke3 Nd7 50. Ra6 Bh1 1-0

[Event "Olympiad Women-38"]
[Site "Dresden"]
[Date "2008.11.25"]
[Round "11"]
[White "Michna, Marta"]
[Black "Tetenkina, Irina"]
[Result "1-0"]
[WhiteElo "2399"]
[BlackElo "2243"]
[PlyCount "51"]
[EventDate "2008.11.13"]
[EventType "team-swiss"]
[EventRounds "11"]
[EventCountry "GER"]
[SourceTitle "CBM 128"]
[Source "ChessBase"]
[SourceDate "2009.01.28"]
[SourceVersion "1"]
[SourceVersionDate "2009.01.28"]
[SourceQuality "1"]
[WhiteTeam "Germany (W)"]
[BlackTeam "Sweden (W)"]
[WhiteTeamCountry "GER"]
[BlackTeamCountry "SWE"]

1. f4 c5 2. b3 Nc6 3. Bb2 Nf6 4. Nf3 g6 5. e3 Bg7 6. Bb5 Qb6 7. Nc3 0-0 8. a4 a6 9. Bxc6 Qxc6 10. a5 d6 11. 0-0 Be6 12. Qe2 Nd5 13. Nxd5 Bxd5 14. Bxg7 Kxg7 15. f5 Be4 16. Nh4 Bxc2 17. d3 Bxb3 18. Qb2+ f6 19. Qxb3 g5 20. Nf3 Rab8 21. Rab1 h5 22. Qe6 Rf7 23. Qe4 d5 24. Qe6 Qa4 25. Qxd5 Qxa5 26. Nxg5 1-0

[Event "Olympiad Women-38"]
[Site "Dresden"]
[Date "2008.11.19"]
[Round "6"]
[White "Tetenkina, Irina"]
[Black "Camacho, Chardine Cheradee"]
[Result "0-1"]
[WhiteElo "2243"]
[BlackElo "2100"]
[PlyCount "74"]
[EventDate "2008.11.13"]
[EventType "team-swiss"]
[EventRounds "11"]
[EventCountry "GER"]
[SourceTitle "CBM 128"]
[Source "ChessBase"]
[SourceDate "2009.01.28"]
[SourceVersion "1"]
[SourceVersionDate "2009.01.28"]
[SourceQuality "1"]
[WhiteTeam "Sweden (W)"]
[BlackTeam "Philippines (W)"]
[WhiteTeamCountry "SWE"]
[BlackTeamCountry "PHI"]

1. Nf3 c5 2. c4 g6 3. g3 Bg7 4. Bg2 Nc6 5. 0-0 d6 6. Nc3 e5 7. d3 Nge7 8. Ne1 Be6 9. Nc2 Qd7 10. Nd5 0-0 11. Re1 Bh3 12. Bh1 Kh8 13. Rb1 Rab8 14. b4 b6 15. b5 Nd8 16. Nxe7 Qxe7 17. Ne3 Qd7 18. Nd5 f5 19. e3 Ne6 20. a4 g5 21. Bb2 Rbe8 22. a5 bxa5 23. Ra1 Qf7 24. Rxa5 f4 25. f3 fxg3 26. hxg3 g4 27. f4 exf4 28. Bxg7+ Qxg7 29. gxf4 Nxf4 30. Be4 Nxd5 31. cxd5 Re5 32. Qd2 Qf7 33. Rea1 g3 34. Bg2 Qf2+ 35. Qxf2 gxf2+ 36. Kf1 Bxg2+ 37. Kxg2 Rg5+ 0-1

[Event "SWE-chT 0809"]
[Site "Sweden"]
[Date "2008.10.25"]
[Round "1"]
[White "Tetenkina, Irina"]
[Black "Hedin, Gunnar"]
[Result "1/2-1/2"]
[WhiteElo "2285"]
[BlackElo "2175"]
[PlyCount "59"]
[EventDate "2008.10.25"]
[EventType "team-tourn"]
[EventRounds "11"]
[EventCountry "SWE"]
[SourceTitle "EXT 2011"]
[Source "ChessBase"]
[SourceDate "2010.11.26"]
[SourceVersion "1"]
[SourceVersionDate "2010.11.26"]
[SourceQuality "1"]

1. Nf3 f5 2. g3 Nf6 3. Bg2 g6 4. 0-0 Bg7 5. c4 0-0 6. Nc3 d6 7. d4 c6 8. d5 e5 9. dxe6 Bxe6 10. Bf4 Bxc4 11. Bxd6 Re8 12. Qd4 Be6 13. Rfd1 Ne4 14. Be5 Qxd4 15. Rxd4 Nxc3 16. bxc3 Na6 17. Bxg7 Kxg7 18. Ng5 Nc5 19. Nxe6+ Rxe6 20. e3 Rae8 21. Rad1 R8e7 22. Bf3 Re5 23. Kg2 Kf6 24. Rd8 Ne6 25. R8d6 Rc5 26. R1d3 Ra5 27. Rd2 Rc5 28. R2d3 Ra5 29. Rd2 Rc5 30. R2d3 1/2-1/2

[Event "Rilton Cup 34th"]
[Site "Stockholm"]
[Date "2005.01.03"]
[Round "7"]
[White "Jiretorn, Eva"]
[Black "Tetenkina, Irina"]
[Result "1/2-1/2"]
[WhiteElo "2145"]
[BlackElo "2255"]
[PlyCount "31"]
[EventDate "2004.12.27"]
[EventType "swiss"]
[EventRounds "9"]
[EventCountry "SWE"]
[SourceTitle "CBM 104 Extra"]
[Source "ChessBase"]
[SourceDate "2005.03.01"]
[SourceVersion "1"]
[SourceVersionDate "2005.03.01"]
[SourceQuality "1"]

1. d4 e6 2. c4 f5 3. Nf3 Nf6 4. g3 d5 5. Bg2 c6 6. Qc2 Bd6 7. Bf4 0-0 8. Bxd6 Qxd6 9. Ne5 c5 10. e3 cxd4 11. exd4 dxc4 12. Qxc4 Rd8 13. Nc3 a6 14. 0-0 Nbd7 15. Rad1 Nb6 16. Qc5 1/2-1/2

[Event "Rilton Cup 34th"]
[Site "Stockholm"]
[Date "2005.01.02"]
[Round "6"]
[White "Tetenkina, Irina"]
[Black "Jensen, Leif Haugaard"]
[Result "1-0"]
[WhiteElo "2255"]
[BlackElo "2067"]
[PlyCount "69"]
[EventDate "2004.12.27"]
[EventType "swiss"]
[EventRounds "9"]
[EventCountry "SWE"]
[SourceTitle "CBM 104 Extra"]
[Source "ChessBase"]
[SourceDate "2005.03.01"]
[SourceVersion "1"]
[SourceVersionDate "2005.03.01"]
[SourceQuality "1"]

1. Nf3 d5 2. d4 c6 3. e3 Bf5 4. Nbd2 e6 5. Be2 Nf6 6. 0-0 Nbd7 7. b3 Bd6 8. Bb2 0-0 9. Ne5 Qc7 10. f4 Ne4 11. Ndf3 f6 12. Nd3 Bg4 13. Qe1 Rae8 14. Qh4 f5 15. Nde5 Be7 16. Qe1 Nxe5 17. dxe5 Bc5 18. Bd4 Bb6 19. c4 Ba5 20. b4 c5 21. Bxc5 Nxc5 22. bxa5 dxc4 23. Bxc4 Bxf3 24. Rxf3 Re7 25. Rc1 Kh8 26. Rf2 Qd8 27. Qb4 Ne4 28. Rfc2 Rd7 29. h3 Re8 30. Kh2 a6 31. Bxe6 Qh4 32. Bxd7 Qg3+ 33. Kh1 Qxe3 34. Bxe8 Nf2+ 35. Kh2 1-0

[Event "Athens Acropolis op (Women)"]
[Site "Athens"]
[Date "2004.11.19"]
[Round "4"]
[White "Makka, Evanthia"]
[Black "Tetenkina, Irina"]
[Result "1/2-1/2"]
[WhiteElo "2087"]
[BlackElo "2255"]
[PlyCount "38"]
[EventDate "2004.11.16"]
[EventType "swiss"]
[EventRounds "9"]
[EventCountry "GRE"]
[SourceTitle "CBM 103 Extra"]
[Source "ChessBase"]
[SourceDate "2005.01.01"]
[SourceVersion "1"]
[SourceVersionDate "2005.01.01"]
[SourceQuality "1"]

1. e4 e6 2. d3 d5 3. Nd2 c5 4. Ngf3 Nf6 5. g3 Nc6 6. Bg2 Be7 7. 0-0 Qc7 8. Re1 b6 9. c3 dxe4 10. Nxe4 Bb7 11. Bf4 Qd7 12. Ne5 Nxe5 13. Bxe5 0-0 14. Bxf6 gxf6 15. Qh5 Rad8 16. Qh6 Qxd3 17. Nxf6+ Bxf6 18. Qxf6 Bxg2 19. Kxg2 Qg6 1/2-1/2

[Event "Avoine op 19th"]
[Site "Avoine"]
[Date "2004.07.??"]
[Round "?"]
[White "Tetenkina, Irina"]
[Black "Szabo, Gergely Andras"]
[Result "0-1"]
[WhiteElo "2222"]
[BlackElo "2422"]
[PlyCount "96"]
[EventDate "2004.07.??"]
[EventType "swiss"]
[EventRounds "9"]
[EventCountry "FRA"]
[SourceTitle "EXT 2005"]
[Source "ChessBase"]
[SourceDate "2004.11.15"]
[SourceVersion "1"]
[SourceVersionDate "2004.11.15"]
[SourceQuality "1"]

1. Nf3 Nf6 2. g3 g6 3. Bg2 Bg7 4. 0-0 0-0 5. d4 d5 6. c4 dxc4 7. Na3 Nc6 8. Nxc4 Be6 9. b3 a5 10. Bb2 Bd5 11. Rc1 a4 12. bxa4 Ra6 13. Ne3 Be4 14. Ne5 Bxg2 15. Kxg2 Nd5 16. N3c4 Qa8 17. e4 Nb6 18. Nxb6 Rxb6 19. Nxc6 bxc6 20. Ba3 Rd8 21. Rc4 e5 22. Qc2 Rxd4 23. Bc5 Rb2 24. Qc1 Rdd2 25. Rd1 Re2 26. Qg5 f6 27. Qg4 Qe8 28. a3 Bf8 29. Qf3 Bxc5 30. Rxc5 Qe6 31. Kg1 Rxf2 32. Qxf2 Rxf2 33. Kxf2 Qa2+ 34. Kg1 Qxa3 35. Rdc1 Qxa4 36. R1c4 Qd1+ 37. Kg2 Qe2+ 38. Kg1 Kg7 39. Rxc6 Kh6 40. Rxc7 Kg5 41. h3 Qf3 42. Rc3 Qxe4 43. R7c4 Qe1+ 44. Kg2 Qe2+ 45. Kg1 e4 46. Kh1 f5 47. Kg1 e3 48. Rc2 Qd1+ 0-1

[Event "Gothenburg op"]
[Site "Gothenburg"]
[Date "2004.06.18"]
[Round "7"]
[White "Tetenkina, Irina"]
[Black "Welin, Mats Erik Thomas"]
[Result "1-0"]
[WhiteElo "2199"]
[BlackElo "2242"]
[PlyCount "63"]
[EventDate "2004.06.12"]
[EventType "swiss"]
[EventRounds "9"]
[EventCountry "SWE"]
[SourceTitle "EXT 2005"]
[Source "ChessBase"]
[SourceDate "2004.11.15"]
[SourceVersion "1"]
[SourceVersionDate "2004.11.15"]
[SourceQuality "1"]

1. Nf3 d5 2. c4 d4 3. b4 Bg4 4. Ne5 Bf5 5. Bb2 f6 6. Qa4+ c6 7. Nf3 e5 8. e3 dxe3 9. fxe3 Nd7 10. Be2 a5 11. 0-0 axb4 12. Qd1 Be6 13. d4 Bd6 14. d5 cxd5 15. cxd5 Bf7 16. Nbd2 Ne7 17. e4 0-0 18. Nh4 Nc5 19. Kh1 Kh8 20. Bg4 Nc8 21. Qf3 Na4 22. Rab1 Nxb2 23. Rxb2 Ra3 24. Nb3 Nb6 25. Rc2 Na4 26. Rc8 Qb6 27. Qh3 Rxc8 28. Bxc8 Rxa2 29. Be6 Rf2 30. Rc1 Be8 31. Ng6+ Bxg6 32. Rc8+ 1-0

[Event "Gothenburg op"]
[Site "Gothenburg"]
[Date "2004.06.15"]
[Round "4"]
[White "Tetenkina, Irina"]
[Black "Wengholm, Anders"]
[Result "0-1"]
[WhiteElo "2199"]
[BlackElo "2206"]
[PlyCount "54"]
[EventDate "2004.06.12"]
[EventType "swiss"]
[EventRounds "9"]
[EventCountry "SWE"]
[SourceTitle "EXT 2005"]
[Source "ChessBase"]
[SourceDate "2004.11.15"]
[SourceVersion "1"]
[SourceVersionDate "2004.11.15"]
[SourceQuality "1"]

1. Nf3 Nf6 2. c4 c5 3. g3 b6 4. Bg2 Bb7 5. 0-0 e6 6. Nc3 d6 7. Re1 a6 8. e4 Be7 9. d4 cxd4 10. Nxd4 Qc7 11. Be3 Nbd7 12. f4 Rc8 13. Rc1 Qb8 14. Qe2 Qa8 15. f5 e5 16. Nd5 exd4 17. Bxd4 Bd8 18. e5 dxe5 19. Bxe5 0-0 20. Bd6 Bxd5 21. Bxd5 Nxd5 22. Bxf8 Bg5 23. cxd5 Rxc1 24. Bb4 Rxe1+ 25. Qxe1 a5 26. Ba3 b5 27. Bd6 Nf6 0-1

[Event "Agneaux St Lo op-A 08th"]
[Site "Agneaux"]
[Date "2004.02.17"]
[Round "5"]
[White "Dumitrache, Dragos Nicolae"]
[Black "Tetenkina, Irina"]
[Result "1/2-1/2"]
[WhiteElo "2493"]
[BlackElo "2197"]
[PlyCount "59"]
[EventDate "2004.02.14"]
[EventType "swiss"]
[EventRounds "7"]
[EventCountry "FRA"]
[SourceTitle "EXT 2005"]
[Source "ChessBase"]
[SourceDate "2004.11.15"]
[SourceVersion "1"]
[SourceVersionDate "2004.11.15"]
[SourceQuality "1"]

1. d4 d5 2. c4 dxc4 3. Nf3 Nf6 4. e3 e6 5. Bxc4 a6 6. 0-0 c5 7. Qe2 cxd4 8. exd4 Be7 9. Rd1 0-0 10. a3 b5 11. Ba2 Bb7 12. Nc3 Nd5 13. Ne4 Nd7 14. Bd2 Rc8 15. Rac1 Qb6 16. b4 Rxc1 17. Rxc1 N7f6 18. Nc5 Ba8 19. Ne5 Rd8 20. Rd1 Qa7 21. Bb3 Qb6 22. Re1 Nc7 23. Be3 Ncd5 24. Bg5 Qd6 25. Rc1 h6 26. Bd2 Nc7 27. Be3 Ncd5 28. Bd2 Nc7 29. Be3 Ncd5 30. Bd2 1/2-1/2

[Event "Agneaux St Lo op-A 08th"]
[Site "Agneaux"]
[Date "2004.02.15"]
[Round "2"]
[White "Poley, Vladimir"]
[Black "Tetenkina, Irina"]
[Result "1-0"]
[WhiteElo "2425"]
[BlackElo "2197"]
[PlyCount "83"]
[EventDate "2004.02.14"]
[EventType "swiss"]
[EventRounds "7"]
[EventCountry "FRA"]
[SourceTitle "EXT 2005"]
[Source "ChessBase"]
[SourceDate "2004.11.15"]
[SourceVersion "1"]
[SourceVersionDate "2004.11.15"]
[SourceQuality "1"]

1. d4 d5 2. g3 Nf6 3. Bg2 c5 4. c4 e6 5. Nf3 Nc6 6. 0-0 Qb6 7. cxd5 Nxd4 8. Nxd4 cxd4 9. dxe6 Bxe6 10. Nd2 Be7 11. Qa4+ Nd7 12. Nb3 Bf6 13. Rd1 0-0 14. Nxd4 Nc5 15. Qc2 Rac8 16. Nxe6 Nxe6 17. Qe4 Rfd8 18. Re1 Nc5 19. Qg4 Bd4 20. Rf1 Qa6 21. Bd5 Bf6 22. Rb1 b6 23. e4 Nd3 24. Qe2 Rc5 25. Be3 Ra5 26. Rfd1 Nb4 27. Qxa6 Nxa6 28. b4 Ra4 29. e5 Be7 30. e6 fxe6 31. Bxe6+ Kf8 32. Rxd8+ Bxd8 33. Bd2 Be7 34. Bb3 Bxb4 35. Bxa4 Bxd2 36. Rd1 Bb4 37. Rd7 Nc5 38. Rxa7 Ne4 39. Bc2 Nf6 40. Kg2 Bc5 41. Rc7 Ng4 42. Bxh7 1-0

[Event "Rilton Cup 33rd"]
[Site "Stockholm"]
[Date "2004.01.02"]
[Round "6"]
[White "Gullaksen, Eirik Tvedt"]
[Black "Tetenkina, Irina"]
[Result "1/2-1/2"]
[WhiteElo "2370"]
[BlackElo "2197"]
[PlyCount "186"]
[EventDate "2003.12.27"]
[EventType "swiss"]
[EventRounds "9"]
[EventCountry "SWE"]
[SourceTitle "CBM 097 Extra"]
[Source "ChessBase"]
[SourceDate "2004.01.13"]
[SourceVersion "1"]
[SourceVersionDate "2004.01.13"]
[SourceQuality "1"]

1. e4 e6 2. d4 d5 3. Nc3 dxe4 4. Nxe4 Nd7 5. Nf3 Ngf6 6. Bd3 Nxe4 7. Bxe4 Nf6 8. Bg5 c5 9. 0-0 h6 10. Bxf6 gxf6 11. Qe2 cxd4 12. Rfd1 Qb6 13. Nxd4 Be7 14. c3 Bd7 15. Rd2 0-0-0 16. a4 f5 17. a5 Qc7 18. Bf3 Bg5 19. Nb5 Bxb5 20. Rxd8+ Rxd8 21. Qxb5 a6 22. Qb3 Rd2 23. Ra4 Kd8 24. g3 Qc5 25. Rd4+ Rxd4 26. cxd4 Qxa5 27. Qxb7 Qc7 28. Qxa6 Qc1+ 29. Kg2 Qxb2 30. Qd6+ Kc8 31. Qf8+ Kd7 32. Qxf7+ Kd6 33. Qg7 Qd2 34. Qe5+ Kd7 35. d5 exd5 36. Bxd5 Be7 37. Qxf5+ Kd8 38. Bb7 Qd7 39. Qf3 Qd6 40. h4 Bf6 41. Be4 Bd4 42. Qf5 Qf6 43. Qd5+ Ke7 44. f4 Bb6 45. Qb7+ Kf8 46. Qc8+ Ke7 47. Bf5 Qb2+ 48. Kh3 Qf6 49. Kg4 Bf2 50. Kh3 Bb6 51. Qd7+ Kf8 52. Be6 Qe7 53. Qd5 Bc7 54. Qf5+ Kg7 55. Bc4 Bd6 56. Qg4+ Kf6 57. Qg8 Qf8 58. Qe6+ Kg7 59. h5 Kh8 60. Kg2 Be7 61. Kf3 Bf6 62. Kg4 Bd4 63. Bd5 Bc3 64. Kf3 Bf6 65. g4 Bg5 66. Qe5+ Bf6 67. Qc7 Qa3+ 68. Kg2 Qb2+ 69. Kh1 Qa1+ 70. Kh2 Qb2+ 71. Bg2 Qd2 72. Qc8+ Qd8 73. Qf5 Qd6 74. Kg3 Bg5 75. Be4 Kg7 76. Kf3 Bh4 77. Qh7+ Kf8 78. Qh8+ Ke7 79. Qg7+ Kd8 80. Qg8+ Ke7 81. Qb3 Qc5 82. Bd5 Bf6 83. Ke4 Kf8 84. Kf5 Kg7 85. Qb7+ Qe7 86. Qc8 Qd8 87. Qc6 Qf8 88. Ke4 Qb4+ 89. Bc4 Qb1+ 90. Kd5 Qh1+ 91. Kd6 Qxc6+ 92. Kxc6 Bh4 93. Kd5 Kf6 1/2-1/2

[Event "Avoine op 18th"]
[Site "Avoine"]
[Date "2003.07.20"]
[Round "2"]
[White "Tetenkina, Irina"]
[Black "Dumitrache, Dragos Nicolae"]
[Result "1/2-1/2"]
[WhiteElo "2247"]
[BlackElo "2492"]
[PlyCount "24"]
[EventDate "2003.07.19"]
[EventType "swiss"]
[EventRounds "9"]
[EventCountry "FRA"]
[SourceTitle "CBM 095 Extra"]
[Source "ChessBase"]
[SourceDate "2003.09.04"]
[SourceVersion "1"]
[SourceVersionDate "2003.09.04"]
[SourceQuality "1"]

1. Nf3 d5 2. c4 c6 3. cxd5 cxd5 4. d4 Nc6 5. Nc3 Nf6 6. Bf4 Bf5 7. e3 e6 8. Qb3 Qb6 9. Qxb6 axb6 10. Bb5 Nd7 11. Ke2 Be7 12. Rhc1 0-0 1/2-1/2